000 00657nam a2200193 a 4500
001 000037648
005 20201002031110.0
008 121023s2012 pr a 000 0 spa d
020 _a9780984157112
040 _aDO-SdBNP
_bspa
_cBNPHU
082 _axxx
_bL864c
100 1 _aLópez Ferrer, Edgardo,
_d1943-
_964121
245 1 0 _aCuaternario río /
_cEdgardo López Ferrer.
260 _aSan Juan, Puerto Rico :
_bLos libros de la Iguana,
_bFundación Francisco Carvajal,
_c2012.
300 _a91 p. :
_bil. ;
_c22 cm.
490 1 _aGuajana
500 _aEdición conmemorativa del cincuentenario de la Revista Guajana (1962-2012)
830 0 _aGuajana
_955960
999 _c37138
_d37138